000 00955nam2a2200253 4500
001 RU\NLR\bibl\471505
005 20250623190451.0
010 _a5-94075-074-5
_91000
021 _aRU
_b2003-60869
_92979
035 _a(NLR Aleph) 000464681
090 _a955799
_c955799
100 _a20031213d2003 |||y0rusy50 ca
101 0 _arus
102 _aRU
105 _aa |||||||||
200 0 _aВып. 8
_f[Авт.-сост. С.В. Турыгина
_gРед. Т.И. Возякова]
210 _aЕкатеринбург
_cВозякова
_d2003
215 _a32 с.
_cил.
461 0 _1001RU\NLR\bibl\165432
_12001#$aСценарий юбилея$vВып. 8
_9933509
_cБрянск
_d2000
_fСост. Т.И. Возякова, М.С. Степанова]
_nИ. С. Возяков
_o[Сборник
_tСценарий юбилея
_vВып. 8
801 0 _aRU
_bNLR
_c20031213
_gPSBO
801 1 _aRU
_bNLR
_c20031213
942 _cBOOK
980 _aNB